Top 10 najlepszych MIAST w Polsce - Statystyki

Ogólne statystyki
  • Ten quiz został rozwiązany 11 razy
  • Średni wynik to 6 z 10
Statystyki odpowiedzi
Hint Odpowiedź % Poprawnych
1 Bydgoszcz
100%
2 Bydgoszcz
89%
8 Bydgoszcz
78%
6 Bydgoszcz
67%
3 Bydgoszcz
56%
4 Bydgoszcz
56%
5 Bydgoszcz
56%
7 Bydgoszcz
44%
9 Bydgoszcz
44%
10 WadoVice City
0%
Nie znaleziono quizów pasujących do podanych kryteriów
Rozkład punktacji
Procent ludzi z każdym wynikiem
Percentyl według liczby udzielonych odpowiedzi
Twoja historia wyników
Nie rozwiązałeś tego quizu